00862cam a2200265 i 4500001000500000005001700005020001800022040002300040050001400063082000800077100002300085245010400108250003500212260003700247300005100284505000800335520009800343521002000441521002000461650004400481650002300525650001400548700001600562700001800578327120240226140957.0 a9780140546040 aDLCcDLCdDLCbeng00aGN645.M8700a9601 aMusgrove, Margaret10aAshanti to Zulu :bAfrican traditions /cby Musgrove, Margaret ; Pictures by Leo and Dillon, Diane  aFirst Pied Piper Printing 1980 aLondon : bPuffin Books , c1976 a32 pages : bcolor illustrations, map ;c28 cm aZ  aExplains some traditions and customs of 26 African tribes beginning with letters from A to Z. a900 bLexile  aZ bRaz-Plus  0aEthnologyzAfricaxJuvenile literature. 1aEthnologyzAfrica. 1aAlphabet.1 aDillon, Leo1 aDillon, Diane